Normal view
MARC view
- Cuauhtémoc,
Entry Nombre Personal
001 - NUMERO DE CONTROL
- campo de control: 11888
003 - IDENTIFICADOR DE NUMERO DE CONTROL
- campo de control: UPN
005 - FECHA Y HORA DE LA ÜLTIMA TRANSACCIÓN
- campo de control: 20220602114016.0
008 - DATOS DE LONGITUD FIJA
- campo de control de longitud fija: nabaccnnaabn|||||||||| b |nc|||||d
035 ## - NUMERO DE CONTROL
- Número de control: UPN10000011895
040 ## - FUENTE DE CATALOGACIÓN
- Lenguaje de catalogación: SPA
- Agencia de transcripción: UPN
- Agencia original de catalogación: UPN
100 0# - ENCABEZAMIENTO - NOMBRE PERSONAL
- Nombre personal: Cuauhtémoc,
- Fechas asociadas con el nombre: 1502?-1525
670 ## - FUENTE EN LA QUE SE LOCALIZARON DATOS
- Cita de la fuente: T
- Información localizada: Diccionario Porrúa de historia, biografía y geografía de México
902 ## - CATALOGADOR
- Catalogador: LG/130297
